00420pab a2200157 454500008004000000100001800040245008400058260000900142300001500151362000800166650000900174650002200183700002000205700001900225773001800244180718b2005 xxu||||| |||| 00| 0 eng d aSharp, Joanne aJust art for a just city: public art and social inclusion in urban regeneration c2005 ap.1001-23. aMay aArts aUrban development aPaddison, Ronan aPollock, Venda aUrban Studies